Enseñanzas del Quijote / (Record no. 44755)
[ view plain ]
| 000 -LEADER | |
|---|---|
| campo de control de longitud fija | 01056nam a2200229 i 4500 |
| 001 - NÚMERO DE CONTROL | |
| campo de control | 44755 |
| 003 - IDENTIFICADOR DE NÚMERO DE CONTROL | |
| campo de control | ES-MaACL |
| 005 - FECHA Y HORA DE LA ÚLTIMA TRANSACCIÓN | |
| campo de control | 20250803063045.0 |
| 007 - CAMPO FIJO DE DESCRIPCIÓN FÍSICA--INFORMACIÓN GENERAL | |
| campo de control de longitud fija | t| |
| 008 - DATOS DE LONGITUD FIJA--INFORMACIÓN GENERAL | |
| campo de control de longitud fija | 030324s1916 sp ||||1| spa d |
| 100 1# - ENTRADA PRINCIPAL--NOMBRE DE PERSONA | |
| Nombre de persona | Climent Terrer, Federico, |
| Fechas asociadas al nombre | 1860-ca. 1949 |
| 9 (RLIN) | 39265 |
| 245 10 - MENCIÓN DEL TÍTULO | |
| Título | Enseñanzas del Quijote / |
| Mención de responsabilidad, etc. | por Federico Climent Terrer. |
| 260 ## - PUBLICACIÓN, DISTRIBUCIÓN, ETC. | |
| Lugar de publicación, distribución, etc. | Barcelona : |
| Nombre del editor, distribuidor, etc. | [s.n.], |
| Fecha de publicación, distribución, etc. | 1916 ( |
| Fabricante | Mariano Galve) |
| 300 ## - DESCRIPCIÓN FÍSICA | |
| Extensión | 352 p., 1 retr. ; |
| Dimensiones | 17 cm. |
| 490 1# - MENCIÓN DE SERIE | |
| Mención de serie | Biblioteca cultura y civismo |
| 500 ## - NOTA GENERAL | |
| Nota general | Breves comentarios de los pasajes del Quijote en que más declaradamente se manifiesta el optimismo de Cervantes con precedencia al de autores extranjeros. Obra publicada en conmemoración del tricentésimo aniversario de la muerte de Miguel de Cervantes Saavedra. |
| 500 ## - NOTA GENERAL | |
| Nota general | Con el retrato de Cervantes. |
| 600 14 - PUNTO DE ACCESO ADICIONAL DE MATERIA--NOMBRE DE PERSONA | |
| Nombre de persona | Cervantes Saavedra, Miguel de, |
| Fechas asociadas al nombre | 1547-1616. |
| Título de la obra | Don Quijote de la Mancha- |
| Subdivisión general | Crítica e interpretación |
| 9 (RLIN) | 37618 |
| 830 0# - PUNTO DE ACCESO ADICIONAL DE SERIE-TÍTULO UNIFORME | |
| Título uniforme | Biblioteca cultura y civismo |
| 9 (RLIN) | 229909 |
| 852 ## - LOCALIZACIÓN | |
| Ubicación | ES-MaACL |
| Número de control de estantería | D-739 |
| Estatus retirado | Estado de pérdida | Estado de daño | No para préstamo | Biblioteca de origen | Biblioteca actual | Ubicación en estantería | Fecha de adquisición | Fuente de adquisición | Total de préstamos | Signatura topográfica completa | Código de barras | Visto por última vez | Precio de reemplazo | Tipo de ítem Koha |
|---|---|---|---|---|---|---|---|---|---|---|---|---|---|---|
| Biblioteca del Ateneo de Madrid | Biblioteca del Ateneo de Madrid | Sala Valle Inclán | 17/01/2008 | D-739 | 901047102 | 23/02/2023 | 23/02/2023 | Libro impreso |
